000 00882cam a2200253 4500
008 011116n2000 000 0 eng u
020 _a184113063X
035 _a(Sirsi) u115613
050 _a346.41043
100 _aMeisel, F.
_xEditor
245 _aProperty and protection : legal rights and restrictions
260 _aOxford
_bHart Publishing
_c2000
300 _axxx, 317p. ; 24cm.
350 _a45.00
520 _aA collection of essays in honour of Brian Harvey, retired Professor of property law at the University of Birmingham. A wide range of property law issues are covered such as human rights, auction sales and consumer protection.
650 _aPROPERTY LAW
650 _aHUMAN RIGHTS
650 _aCONVEYANCING
650 _aCONSUMER PROTECTION
650 _aAuctioneering
_96218
690 _aPROPERTY
700 _aCook, P.
_xEditor
942 _n0
999 _c101770
_d101770